000 00515nam a22001937a 4500
003 KOHA_MİRAKIL
005 20240930101027.0
008 240929b2021 tu ||||| |||| 00| 0 tur d
020 _a9756503130
040 _aTR-AnABB
_btur
_cTR-AnABB
041 _atur
082 _a158.1
_bBOZ 2021
100 _aBozdağ, Muhammed.
245 0 _aRuhsal zeka /
_cMuhammed Bozdağ.
260 _aİstanbul :
_bNesil Yayıncılık,
_c2021.
300 _a301 sayfa ;
_c20 cm.
650 _aKişisel gelişim
942 _2ddc
_cBK
999 _c2677
_d2677